00579nam a2200157Ia 4500008004100000041000800041082000800049100006900057245007000126260004900196300002000245440000600265906002000271999001700291952011300308221007s9999 xx 000 0 und d aeng bPRA aPrachi Govardhan - 2k171124 & Prof. Ganesh Lotke - Guide9104999 aSupply Chain Management Practices In Automobile Industry In India c2018bSavitribai Phule Pune UniversityaPune a64pcHard Bound v1 bReference Books c78120d78120 00104070aHIMRbHIMRd2019-05-17eHNIMRl0o PRApHIMR-DR0050r2022-10-07 00:00:00w2022-10-07yDNzDR0050